[Event "TCh-Vojvodina"]
[Site "Sombor SCG"]
[Date "2004.09.29"]
[Round "7"]
[White "Grujic,Z"]
[Black "Dekic,J"]
[Result "1/2-1/2"]
[WhiteElo "2375"]
[BlackElo "2317"]

1.e4 d6 2.d4 Nf6 3.Nc3 Nbd7 4.Nge2 e5 5.g3 c6 6.a4 Be7 7.Bg2 O-O 8.h3 b6
9.O-O a6 10.Be3 Bb7 11.g4 b5 12.Ng3 b4 13.Nce2 d5 14.dxe5 Nxe5 15.Bd4 Ng6
16.e5 Nd7 17.f4 Nh4 18.Bh1 Qc7 19.Bf2 c5 20.c3 bxc3 21.Nxc3 d4 22.Nce4 Rad8
23.g5 Nb6 24.Qg4 Ng6 25.Nh5  1/2-1/2

[Event "Monarch Assurance"]
[Site "Port Erin IOM"]
[Date "2004.09.30"]
[Round "6"]
[White "Iordachescu,V"]
[Black "Bosboom Lanchava,T"]
[Result "0-1"]
[WhiteElo "2633"]
[BlackElo "2370"]

1.e4 d6 2.d4 Nf6 3.Nc3 e5 4.Nf3 Nbd7 5.Bc4 Be7 6.O-O O-O 7.Re1 c6 8.a4 b6
9.Ba2 Bb7 10.dxe5 Nxe5 11.Nd4 Re8 12.h3 Bf8 13.f4 Ng6 14.Nf3 d5 15.f5 Bc5+
16.Kh1 Ne5 17.Bf4 Nxf3 18.Qxf3 dxe4 19.Nxe4 Nxe4 20.Rxe4 Rxe4 21.Qxe4 Qe7
22.Re1 Qxe4 23.Rxe4 Rd8 24.Kh2 Bc8 25.g4 Kf8 26.Kg3 Be7 27.Bc4 Bf6 28.b3 h5
29.Re2 Be7 30.Kf3 Rd1 31.Bb8 a6 32.Bd3 c5 33.Be4 h4 34.Bc7 b5 35.a5 Bd6 36.Bc6 Be7
37.c4 Rd3+ 38.Re3 Rd2 39.Bb6 bxc4 40.bxc4 Bd7 41.Bb7 Bd6 42.Bd5 Ba4 43.Re1 Rh2
44.g5 Rxh3+ 45.Kg4 Rd3 46.g6 Bd1+ 47.Rxd1 Rxd1 48.gxf7 Rd4+ 49.Kh3 Rxd5 50.cxd5 Kxf7  0-1

[Event "Premier League"]
[Site "Belgrade SCG"]
[Date "2004.10.01"]
[Round "7"]
[White "Zivkovic,S"]
[Black "Marinovic,B"]
[Result "0-1"]
[WhiteElo "2311"]
[BlackElo "2354"]

1.e4 d6 2.d4 Nf6 3.Nc3 e5 4.Nf3 Nbd7 5.Bc4 Be7 6.O-O O-O 7.Re1 c6 8.a4 a5
9.h3 h6 10.Ba2 Nh7 11.Ne2 Ng5 12.Nxg5 hxg5 13.c3 g6 14.Ng3 Kg7 15.Qf3 Qe8
16.Be3 Rh8 17.Nf1 Nf8 18.Qg3 f6 19.dxe5 dxe5 20.Rad1 Ne6 21.Nh2 Nc5 22.Bxc5 Bxc5
23.Ng4 Qe7 24.Rd2 b6 25.Red1 Ra7 26.Rd3 Rd7 27.Rxd7 Bxd7 28.Qd3 Bc8 29.Qc4 f5
30.Ne3 g4 31.hxg4 f4 32.Nf1 Qh4 33.Qf7+ Kh6 34.Rd2 Kg5  0-1

[Event "79th ch-ARG"]
[Site "Buenos Aires ARG"]
[Date "2004.10.01"]
[Round "9"]
[White "Varela,D"]
[Black "Pedro,F"]
[Result "1-0"]
[WhiteElo "2175"]
[BlackElo "2255"]

1.d4 d6 2.e4 Nf6 3.Nc3 c6 4.a4 g6 5.Be2 a5 6.Bg5 Bg7 7.Qd2 Qb6 8.O-O-O Na6
9.e5 dxe5 10.dxe5 Ng4 11.Bxg4 Bxg4 12.f3 Be6 13.Be3 Qc7 14.f4 O-O 15.Nf3 Rfd8
16.Qf2 Rxd1+ 17.Rxd1 Rd8 18.Rxd8+ Qxd8 19.Bb6 Qd7 20.Qd4 f6 21.Qxd7 Bxd7
22.Bxa5 Bh6 23.Ne2 Bg4 24.exf6 exf6 25.Bc3 Nc5 26.a5 Ne4 27.Be1 Kf7 28.h3 Bxf3
29.gxf3 Nd6 30.b3 Ke6 31.Kd2 f5 32.Kd3 Ne8 33.Bc3 Nf6 34.Nd4+ Kf7 35.Nxc6 Nd5
36.Nd8+ Ke7 37.Nxb7 Nxf4+ 38.Kc4 Kd7 39.Nc5+ Kc6 40.b4 Nxh3 41.Be5  1-0

[Event "TCh-Vojvodina"]
[Site "Sombor SCG"]
[Date "2004.10.01"]
[Round "9"]
[White "Jotic,V"]
[Black "Kovacevic,Draga"]
[Result "1/2-1/2"]
[WhiteElo "2241"]
[BlackElo "2309"]

1.e4 d6 2.d4 Nf6 3.Nc3 c6 4.Nf3 Bg4 5.Be3 Qa5 6.Qd2 Nbd7 7.h3 Bh5 8.Bd3 Bxf3
9.gxf3 a6 10.f4 c5 11.dxc5 Nxc5 12.Be2 e6 13.f3 Be7 14.Rg1 g6 15.f5 b5 16.fxe6 fxe6
17.a3 Qc7 18.O-O-O O-O 19.h4 Rab8 20.Bd4 b4 21.axb4 Rxb4 22.Kb1 e5 23.Bxc5 Qxc5
24.Nd5 Rd4 25.Qc3 Nxd5 26.Qxc5 dxc5 27.exd5 Bxh4 28.c3 Ra4 29.d6 Bd8 30.Rd5 e4
31.fxe4 Rxe4 32.Bxa6 Kg7  1/2-1/2

[Event "Tatry Open"]
[Site "Tatranske Zruby SVK"]
[Date "2004.10.02"]
[Round "9"]
[White "Vojta,T"]
[Black "Behul,B"]
[Result "1-0"]
[WhiteElo "2283"]
[BlackElo "2133"]

1.e4 d6 2.d4 Nf6 3.Nc3 c6 4.f3 Qc7 5.Be3 e5 6.Nge2 a6 7.Qd2 b5 8.g4 Nbd7
9.Ng3 Nb6 10.g5 Nfd7 11.b3 b4 12.Nce2 c5 13.dxe5 Nxe5 14.Bg2 Bh3 15.O-O Bxg2
16.Kxg2 Be7 17.Nf4 Bxg5 18.Nd5 Nxd5 19.Qxd5  1-0

[Event "Tatry Open"]
[Site "Tatranske Zruby SVK"]
[Date "2004.10.02"]
[Round "9"]
[White "Jurcisin,I"]
[Black "Rachela,M"]
[Result "0-1"]
[WhiteElo "2165"]
[BlackElo "2308"]

1.e4 d6 2.d4 Nf6 3.Nc3 c6 4.a4 Nbd7 5.Nf3 e5 6.Bc4 Be7 7.O-O O-O 8.Bb3 Qc7
9.Qd3 exd4 10.Qxd4 Ne5 11.Nxe5 dxe5 12.Qe3 Nd7 13.Qg3 Nc5 14.Bc4 Be6 15.Bxe6 Nxe6
16.Be3 Qa5 17.Rfd1 Rfd8 18.Qg4 Qb4 19.Rdb1 Bc5 20.Bxc5 Qxc5 21.Rd1 Rd4 22.Qe2 Qb4
23.Ra3 Rad8 24.Rxd4 Nxd4 25.Qd1 b6 26.Qc1 Qxc3  0-1

[Event "9th ECC w"]
[Site "Izmir TUR"]
[Date "2004.10.03"]
[Round "1"]
[White "Peptan,C"]
[Black "Vovinkina,N"]
[Result "1-0"]
[WhiteElo "2429"]
[BlackElo "2156"]

1.e4 d6 2.d4 Nf6 3.Nc3 c6 4.Be3 Qa5 5.Qd2 e5 6.h3 b5 7.Bd3 Be7 8.Nf3 Qc7
9.Ne2 O-O 10.Ng3 a6 11.dxe5 dxe5 12.a4 b4 13.O-O a5 14.Qe2 Na6 15.Nd2 Nc5
16.Bc4 Rd8 17.Rfd1 Nb7 18.Bb3 Nd6 19.Bc5 Nde8 20.Bxe7 Qxe7 21.Qe3 Be6 22.Nf3 Nd7
23.Rd2 Nc7 24.Rad1 Bxb3 25.cxb3 g6 26.Qd3 Ne6 27.Qc4 c5 28.Kh2 Nd4 29.Nxd4 exd4
30.f4 Qe6 31.Qd3 Qd6 32.e5 Qd5 33.Ne4 Kg7 34.Rc1 Rac8 35.Rdc2 Rc6 36.Kh1 Rdc8
37.Nd6 Ra8 38.Re1 Nf8 39.Qg3 Rxd6 40.exd6 Qxd6 41.Qf3 Rd8 42.f5 gxf5 43.Qxf5 Ne6
44.Rf2 Rd7 45.Rf3 d3 46.Rd1 d2 47.Qg4+ Kf8 48.Rf2 Qe5 49.Qe2 Qxe2 50.Rxe2 Rd3
51.Rexd2 Rxb3 52.Rd7 Ke8 53.Ra7 c4 54.Rxa5 c3 55.bxc3 bxc3 56.Rb5 Ra3 57.Rb4  1-0

[Event "20th ECC"]
[Site "Izmir TUR"]
[Date "2004.10.03"]
[Round "1"]
[White "Hisler,T"]
[Black "Hasangatin,R"]
[Result "0-1"]
[WhiteElo "2183"]
[BlackElo "2485"]

1.e4 d6 2.d4 Nf6 3.Nc3 e5 4.dxe5 dxe5 5.Qxd8+ Kxd8 6.Bc4 Ke8 7.Nf3 Bd6 8.O-O Be6
9.Bxe6 fxe6 10.Be3 Nc6 11.Rad1 g6 12.a3 h6 13.h3 Ke7 14.g3 Rad8 15.Kg2 Rhf8
16.Nh4 Rg8 17.Kh1 Nh5 18.Kg2 g5 19.Nf3 Rdf8 20.Ng1 Rf7 21.Nge2 Na5 22.Bc1 b5
23.Rd3 Nc6 24.b4 Nf6 25.Rfd1 Rgf8 26.Be3 Nh5 27.R1d2 Nf4+ 28.gxf4 exf4 29.f3 fxe3
30.Rxe3 Ne5 31.Rd1 Nxf3 32.Kh1 Ne5 33.Nd4 h5 34.Re2 g4 35.hxg4 hxg4 36.Kg2 Rf3
37.Nb1 Ng6  0-1

[Event "9th ECC w"]
[Site "Izmir TUR"]
[Date "2004.10.05"]
[Round "3"]
[White "Korbut,E"]
[Black "Ornstein,P"]
[Result "1-0"]
[WhiteElo "2400"]
[BlackElo "2026"]

1.e4 d6 2.d4 Nf6 3.Nc3 e5 4.Nf3 Nbd7 5.Bc4 c6 6.a4 Be7 7.O-O O-O 8.Re1 Re8
9.Ba2 Rb8 10.h3 Qc7 11.Be3 b6 12.Qd2 Bb7 13.Red1 a6 14.Ng5 Rf8 15.f4 b5 16.axb5 axb5
17.fxe5 dxe5 18.d5 b4 19.Ne2 cxd5 20.exd5 Qd6 21.Ng3 Qa6 22.Rab1 Bd6 23.Nf5 h6
24.Bb3  1-0

[Event "1st TCh-WSen"]
[Site "Port Erin IOM"]
[Date "2004.10.08"]
[Round "4"]
[White "Ellison,D"]
[Black "Farrand,J"]
[Result "0-1"]
[WhiteElo "2097"]
[BlackElo "2205"]

1.e4 d6 2.d4 Nf6 3.Nc3 Nbd7 4.Nf3 e5 5.Bc4 h6 6.h3 c6 7.dxe5 dxe5 8.O-O Qc7
9.a4 Be7 10.Qe2 Nf8 11.Nh4 g6 12.f4 Be6 13.fxe5 Qxe5 14.Bxe6 Nxe6 15.Nf3 Qc7
16.e5 Nh5 17.Ne4 Kf8 18.Be3 Kg7 19.Qc4 Rhd8 20.Rad1 Rd7 21.Nd4 Rd5 22.Nf6 Nxf6
23.exf6+ Bxf6 24.Nxe6+ fxe6 25.Rxf6 Rxd1+ 26.Rf1 Rxf1+ 27.Kxf1 Qf7+ 28.Kg1 a6
29.Qd4+ Kh7 30.Qe5 Rf8 31.c3 Qf5 32.Qc7+ Rf7 33.Qb6 Rd7 34.Qb3 Qd5 35.Qb6 Qe4
36.Qc5 Qxa4 37.Qf8 Qd1+ 38.Kf2 Qh5 39.Kg1 Rd1+ 40.Kh2 Qe5+ 41.Bf4 Qg7 42.Qb4 Re1
43.Qd4 h5 44.Qd2 Rf1 45.Bg3 Qf7 46.Qd4 Rf5 47.Be5 g5 48.Qe4 Kh6 49.Bd4 e5
50.Be3 h4 51.Qxh4+ Kg6 52.Qe4 Qd5 53.Qg4 Qd3 54.Bc1 e4 55.h4 e3 56.h5+ Kf6
57.h6 Qd6+ 58.Kg1 Qf4 59.Qd1 Rd5 60.Qe2 Qf2+ 61.Qxf2+ exf2+ 62.Kxf2 Kg6 63.c4 Rf5+  0-1

[Event "Goodbye Summer Open"]
[Site "Omis CRO"]
[Date "2004.10.09"]
[Round "5"]
[White "Ivic,M"]
[Black "Zaja,I"]
[Result "0-1"]
[WhiteElo "2186"]
[BlackElo "2459"]

1.e4 d6 2.d4 Nf6 3.Nc3 e5 4.Nf3 exd4 5.Qxd4 Be7 6.h3 O-O 7.Be3 a6 8.Qd2 b5
9.Bd3 c5 10.g4 b4 11.Ne2 Bb7 12.Ng3 d5 13.e5 d4 14.Bh6 Bxf3 15.Qg5 g6 16.Bxf8 Kxf8
17.exf6 Bxf6 18.Qxc5+ Be7 19.Qe5 Bf6 20.Qc5+ Be7 21.Qe5 f6 22.Qf4 Bxh1 23.Nxh1 Kg7
24.Ng3 Nc6 25.O-O-O Ne5 26.Qe4 Rc8 27.Kb1 a5 28.f4 Nxd3 29.Qxd3 Qc7 30.Re1 Bd6
31.Re4 Bxf4 32.Rxd4 Kh8 33.Ne2 Be5 34.Rd7 Qc6 35.Rd8+  0-1

[Event "1st TCh-WSen"]
[Site "Port Erin IOM"]
[Date "2004.10.11"]
[Round "7"]
[White "Gill,N"]
[Black "Wade,R"]
[Result "1/2-1/2"]
[WhiteElo "2046"]
[BlackElo "2174"]

1.d4 d6 2.e4 Nf6 3.Nc3 c6 4.f4 Qa5 5.Bd3 e5 6.dxe5 dxe5 7.f5 Bc5 8.Nf3 Ng4
9.Qe2 Nf2 10.Rf1 Nxd3+ 11.cxd3 Nd7 12.Bd2 Qa6 13.Rb1 b5 14.a3 b4 15.axb4 Bxb4
16.Be3 Rb8 17.Kf2 Bxc3 18.bxc3 Rxb1 19.Rxb1 O-O 20.Rb2 c5 21.d4 cxd4 22.cxd4 exd4
23.Bxd4 Re8 24.Qxa6 Bxa6 25.Ra2 Bb5 26.Rxa7 Rxe4 27.Ra8+ Nf8 28.Bc5 Re8  1/2-1/2

[Event "36th Olympiad w"]
[Site "Calvia ESP"]
[Date "2004.10.16"]
[Round "1"]
[White "Djingarova,E"]
[Black "Khaziyeva,D"]
[Result "1-0"]
[WhiteElo "2327"]
[BlackElo "2100"]

1.e4 d6 2.d4 Nf6 3.Nc3 Nbd7 4.Nf3 e5 5.Bc4 Be7 6.O-O O-O 7.Re1 c6 8.a4 Qc7
9.h3 Re8 10.a5 h6 11.d5 Nf8 12.Be3 Bd7 13.Qd3 Ng6 14.a6 c5 15.axb7 Qxb7 16.Ra6 Reb8
17.Rea1 Nh5 18.Nd1 Qc7 19.Nd2 Rb7 20.Nb3 Nhf4 21.Qd2 Qc8 22.Bf1 Qb8 23.Bxf4 Nxf4
24.Ne3 Bd8 25.Nc4 Bb5 26.R6a3 Nh5 27.Nba5 Bxa5 28.Nxa5 Rd7 29.c4  1-0

[Event "36th Olympiad w"]
[Site "Calvia ESP"]
[Date "2004.10.16"]
[Round "1"]
[White "Smith,V"]
[Black "Agrest,S"]
[Result "0-1"]
[WhiteElo "1966"]
[BlackElo "2238"]

1.e4 d6 2.d4 Nf6 3.Nc3 e5 4.dxe5 dxe5 5.Qxd8+ Kxd8 6.Bc4 Be6 7.Bxe6 fxe6
8.Bg5 Bd6 9.O-O-O Nc6 10.Nge2 Ke7 11.a3 a6 12.f3 b5 13.Be3 Rhb8 14.Nb1 b4
15.axb4 Rxb4 16.b3 a5 17.Nbc3 Nd7 18.Na4 Rab8 19.Bd2 R4b7 20.Be3 g6 21.Nec3 Nb4
22.Rd2 Na6 23.Rhd1 Ba3+ 24.Kb1 Ndc5 25.Nxc5 Bxc5 26.Bxc5+ Nxc5 27.Na2 a4
28.b4 Na6 29.Rd7+ Kf6 30.Kc1 Nxb4 31.Nxb4 Rxb4 32.Rxc7 Rb1+  0-1

[Event "36th Olympiad w"]
[Site "Calvia ESP"]
[Date "2004.10.17"]
[Round "2"]
[White "Lindiawati,E"]
[Black "Hansen,E"]
[Result "1/2-1/2"]
[WhiteElo "2125"]
[BlackElo "1837"]

1.e4 d6 2.d4 Nf6 3.Nc3 e5 4.dxe5 dxe5 5.Qxd8+ Kxd8 6.Bc4 Be6 7.Bxe6 fxe6
8.Be3 Bd6 9.f3 Nc6 10.Nge2 a6 11.O-O-O Ke7 12.Na4 b5 13.Nc5 Rhb8 14.Kb1 h6
15.h4 Nh5 16.g4 Nf4 17.Nxf4 exf4 18.Bf2 Ne5 19.Rh3 a5 20.Nd3 Rd8 21.Nxe5 Bxe5
22.Rhh1 Rxd1+ 23.Rxd1 Rd8  1/2-1/2

[Event "36th Olympiad"]
[Site "Calvia ESP"]
[Date "2004.10.17"]
[Round "3"]
[White "Smirin,I"]
[Black "Solak,D"]
[Result "1/2-1/2"]
[WhiteElo "2673"]
[BlackElo "2563"]

1.e4 d6 2.d4 Nf6 3.Nc3 e5 4.Nf3 Nbd7 5.Bc4 Be7 6.O-O O-O 7.Re1 c6 8.a4 a5
9.Ba2 Qb6 10.Rb1 exd4 11.Qxd4 Qb4 12.Bd2 Ne5 13.Ne2 Nxf3+ 14.gxf3 Qxd4 15.Nxd4 g6
16.Rbd1 Nd7 17.Bc4 Nb6 18.Bb3 Nd7 19.Bc4 Nb6 20.Bb3  1/2-1/2

[Event "36th Olympiad w"]
[Site "Calvia ESP"]
[Date "2004.10.18"]
[Round "4"]
[White "Vijayalakshmi,S"]
[Black "Bosboom Lanchava,T"]
[Result "1/2-1/2"]
[WhiteElo "2411"]
[BlackElo "2352"]

1.e4 d6 2.d4 Nf6 3.Nc3 e5 4.dxe5 dxe5 5.Qxd8+ Kxd8 6.Bg5 Be6 7.O-O-O+ Kc8
8.Nf3 Nbd7 9.Bh4 h6 10.Bg3 Bd6 11.Nd2 Bb4  1/2-1/2

[Event "36th Olympiad w"]
[Site "Calvia ESP"]
[Date "2004.10.18"]
[Round "4"]
[White "Peptan,C"]
[Black "Srebrnic,A"]
[Result "1-0"]
[WhiteElo "2429"]
[BlackElo "2245"]

1.e4 d6 2.d4 Nf6 3.Nc3 e5 4.Nf3 Nbd7 5.Bc4 Be7 6.O-O O-O 7.a4 c6 8.Re1 b6
9.Bf1 a6 10.b3 Bb7 11.Bb2 Qc7 12.Nb1 b5 13.Nbd2 Rfe8 14.c4 bxa4 15.Rxa4 c5
16.dxe5 dxe5 17.Qc2 Bd6 18.Nb1 Nb8 19.Nc3 Nc6 20.Nd5 Qd8 21.Bc3 Nxd5 22.cxd5 Nd4
23.Bxd4 cxd4 24.Rea1 Qb6 25.Nd2 Rec8 26.Nc4 Qd8 27.Qd1 Bc7 28.Qg4 Qe7 29.d6 Bxd6
30.Nb6 Rab8 31.Nxc8 Bxc8 32.Qf3 Bb4 33.Bxa6 Bc3 34.Rb1 Bd7 35.Ra2 Be6 36.Bd3 g6
37.Bc2 h5 38.h3 Qg5 39.Qd3 h4 40.Ra7 Rb4 41.Rc7 Qd8 42.Rxc3  1-0

[Event "36th Olympiad w"]
[Site "Calvia ESP"]
[Date "2004.10.18"]
[Round "4"]
[White "Lomibao,S"]
[Black "Hansen,E"]
[Result "1/2-1/2"]
[WhiteElo "2089"]
[BlackElo "1837"]

1.e4 d6 2.d4 Nf6 3.Nc3 e5 4.dxe5 dxe5 5.Qxd8+ Kxd8 6.Bg5 Be6 7.O-O-O+ Nd7
8.f4 exf4 9.Bxf6+ gxf6 10.Nf3 c6 11.Kb1 Kc7 12.Nd4 Ne5 13.Be2 Rg8 14.g3 fxg3
15.hxg3 Rxg3 16.Rxh7 Rg7 17.Rdh1 Rd8 18.Rxg7 Bxg7 19.Nf5 Bf8 20.a3 b5 21.Kc1 a5
22.Nd1 Bxf5 23.exf5 Rd4 24.Rh8 Bc5 25.Rh6 Re4 26.Kd2 b4 27.axb4 axb4 28.Rh3 Rd4+
29.Ke1 Rf4 30.Rh5 Kd6 31.Kd2 Rd4+ 32.Ke1 Nc4 33.Rh7 Ke7 34.b3 Ne5 35.Nf2 Bd6
36.Nd3 Ng4 37.Rg7 Ne3 38.Bh5 Nxf5 39.Rxf7+ Ke6 40.Rh7 Bg3+ 41.Kd2 Nd6 42.Bf3 c5
43.Ke2 c4 44.Nxb4 cxb3 45.Nc6 Nf5 46.cxb3 Rd6 47.Kf1 Rd3 48.Kg2 Rxb3 49.Bg4 Rb2+
50.Kf1 Kd6 51.Bxf5 Kxc6 52.Be4+ Kd6 53.Rh5 Be5 54.Rf5 Kc5 55.Rf2 Rxf2+  1/2-1/2

[Event "Essent Open"]
[Site "Hoogeveen NED"]
[Date "2004.10.18"]
[Round "4"]
[White "Van Eijk,S"]
[Black "Klinova,M"]
[Result "1/2-1/2"]
[WhiteElo "2203"]
[BlackElo "2400"]

1.e4 d6 2.d4 Nf6 3.Nc3 c6 4.f4 Qa5 5.Bd3 e5 6.Nf3 Nbd7 7.O-O Be7 8.Kh1 O-O
9.Qe1 exd4 10.Nd5 Qd8 11.Nxe7+ Qxe7 12.Qh4 Re8 13.e5 dxe5 14.fxe5 Nxe5 15.Nxe5 Qxe5
16.Bg5 Ne4 17.Bxe4 Qxe4 18.Rae1 Bf5 19.Rxe4 Bxe4 20.Qf2 Bd5 21.Re1 c5 22.h3 h6
23.Bh4 b6 24.a3 Be4 25.b4 f5 26.Qe2 cxb4 27.Qc4+ Kh7 28.axb4 Rac8 29.Qxd4 Rxc2
30.Qd7 Bxg2+ 31.Kg1 Rxe1+ 32.Bxe1 Bxh3 33.Qxa7 Rg2+ 34.Kh1 Rg6 35.Bf2 b5
36.Qc5 Bg2+ 37.Kh2 Be4 38.Bg3 Rc6 39.Qa7  1/2-1/2

[Event "36th Olympiad w"]
[Site "Calvia ESP"]
[Date "2004.10.19"]
[Round "5"]
[White "Eriksson,I"]
[Black "Rautanen,S"]
[Result "1-0"]
[WhiteElo "2098"]
[BlackElo "1974"]

1.e4 d6 2.d4 Nf6 3.Nc3 e5 4.Nf3 Nbd7 5.Bc4 Be7 6.O-O O-O 7.a4 c6 8.Re1 b6
9.d5 c5 10.Qe2 a6 11.Nd2 Ne8 12.Bd3 Bg5 13.Nd1 g6 14.Ne3 Ng7 15.Ndc4 Qc7
16.c3 Kh8 17.f3 h6 18.b4 f5 19.Rb1 b5 20.axb5 axb5 21.Na3 c4 22.Nxb5 cxd3
23.Nxc7 dxe2 24.Nxa8 Ba6 25.b5 Bb7 26.Nc7 Rg8 27.b6 Nc5 28.Rxe2 Na4 29.Bd2 Nh5
30.Nc4 Bxd2 31.Rxd2 Nxc3 32.Rb3 fxe4 33.Rxc3 exf3 34.Nxd6  1-0

[Event "36th Olympiad"]
[Site "Calvia ESP"]
[Date "2004.10.19"]
[Round "5"]
[White "Krylov,Sergey"]
[Black "Belkhodja,S"]
[Result "1/2-1/2"]
[WhiteElo "2407"]
[BlackElo "2478"]

1.e4 d6 2.d4 Nf6 3.Nc3 Nbd7 4.f3 e5 5.Nge2 c6 6.Be3 b5 7.a3 Bb7 8.Qd2 a5
9.Rd1 b4 10.Na4 Qc7 11.axb4 axb4 12.b3 c5  1/2-1/2

[Event "36th Olympiad w"]
[Site "Calvia ESP"]
[Date "2004.10.19"]
[Round "5"]
[White "Lujan,C"]
[Black "Bosboom Lanchava,T"]
[Result "1-0"]
[WhiteElo "2325"]
[BlackElo "2352"]

1.e4 d6 2.d4 Nf6 3.Nc3 e5 4.Nf3 Nbd7 5.Bc4 Be7 6.O-O O-O 7.h3 c6 8.dxe5 dxe5
9.a4 Qc7 10.Qe2 Nc5 11.Bg5 Ne6 12.Be3 Nc5 13.Bg5 h6 14.Bh4 Nh5 15.Bxe7 Qxe7
16.Qe3 a5 17.Rfd1 Nf4 18.Ne2 g5 19.Nxf4 gxf4 20.Qc3 Re8 21.Re1 b6 22.b3 Qf6
23.Kh2 Ra7 24.Rad1 Rae7 25.Qd2 Rd7 26.Qe2 Rxd1 27.Rxd1 Qg6 28.Nxe5 Rxe5 29.Rd8+ Kg7
30.Rxc8 Rg5 31.Qf3 Nxe4 32.Rc7 Nd6 33.Rxc6 Qf6 34.Qd3 Rg6 35.Bd5 Qe5 36.Qc3 Qxc3
37.Rxc3 Rg5 38.Bf3 b5 39.Rd3 Ne8 40.axb5 Rxb5 41.Rd7 Kg6 42.Rd4 Kf5 43.Rd7 Ke6
44.Rd8 Nd6 45.Be2 Rc5 46.Bd3 Ke5 47.g3 Nb5 48.Re8+ Kf6 49.Bxb5 fxg3+ 50.Kxg3 Rxb5
51.Re3 Rc5 52.c4 Rh5 53.Kg2 Kf5 54.Kf1 Kf4 55.Ke2 f6 56.Kd2 Rg5 57.Ke2 h5
58.Re6 Rf5 59.Re3 Rg5 60.Rc3 Ke4 61.c5 Kd4 62.Rc4+ Kd5 63.c6 Rg8 64.c7 Rc8
65.Kd3 Kd6 66.Kd4 h4 67.Rc5 Kd7 68.Kd5 f5 69.f4 Rxc7 70.Rxc7+ Kxc7 71.Ke5  1-0

[Event "36th Olympiad"]
[Site "Calvia ESP"]
[Date "2004.10.19"]
[Round "5"]
[White "Shirov,A"]
[Black "Azmaiparashvili,Z"]
[Result "1-0"]
[WhiteElo "2726"]
[BlackElo "2672"]

1.e4 d6 2.d4 Nf6 3.Nc3 e5 4.Nf3 Nbd7 5.Bc4 Be7 6.O-O O-O 7.Re1 c6 8.a4 b6
9.b3 Bb7 10.a5 Rb8 11.axb6 axb6 12.Bb2 Qc7 13.Qd2 b5 14.Bd3 Rfd8 15.Ne2 c5
16.dxe5 Nxe5 17.Ng3 Bc8 18.Be2 Nxf3+ 19.Bxf3 Be6 20.Nf5 Bxf5 21.exf5 d5 22.Be5 Bd6
23.Bxf6 gxf6 24.Qh6 Bf4 25.Qxf6 Rd6 26.Qe7 Qxe7 27.Rxe7 Bg5 28.Rc7 c4 29.Raa7 Rf8
30.Bh5 Rf6 31.g4 Bf4 32.Rd7 Bd6 33.h4 h6 34.Kf1 Bb8 35.Rab7 d4 36.Rxd4 cxb3
37.cxb3 Bd6 38.Rxb5 Bc7 39.Rd7 Rb6 40.Rxb6 Bxb6 41.f6 Bc5 42.Kg2 Ba3 43.f4  1-0

[Event "36th Olympiad"]
[Site "Calvia ESP"]
[Date "2004.10.19"]
[Round "5"]
[White "Tromp,R"]
[Black "Renzi,N"]
[Result "1/2-1/2"]
[WhiteElo "2069"]
[BlackElo "2200"]

1.e4 d6 2.d4 Nf6 3.Nc3 c6 4.Nf3 Bg4 5.Be2 e6 6.h3 Bxf3 7.Bxf3 d5 8.Bg5 Be7
9.e5 Nfd7 10.Bxe7 Qxe7 11.O-O O-O 12.Re1 a6 13.Qd2 c5 14.Ne2 Nc6 15.c3 Rac8
16.a3 Nb6 17.b3 cxd4 18.Nxd4 Nxd4 19.cxd4 Rc6 20.Rec1 Rfc8 21.Rxc6 Rxc6 22.Rc1 Qc7
23.Rxc6 Qxc6  1/2-1/2

[Event "4NCL"]
[Site "West Bromwich ENG"]
[Date "2004.10.19"]
[Round "2"]
[White "Hinks Edwards,T"]
[Black "Rudd,J"]
[Result "0-1"]
[WhiteElo "2366"]
[BlackElo "2281"]

1.e4 d6 2.d4 Nf6 3.Nc3 c6 4.f4 Qa5 5.e5 Ne4 6.Qf3 d5 7.Bd3 Na6 8.Ne2 Nb4
9.O-O Nxd3 10.cxd3 Nxc3 11.bxc3 g6 12.g4 h5 13.h3 Bd7 14.Bd2 O-O-O 15.a4 hxg4
16.hxg4 Rh4 17.f5 gxf5 18.gxf5 Bh6 19.Qg3 Rh8 20.Bxh6 R4xh6 21.Rae1 Qd8 22.Qg2 Rg8
23.Ng3 Rh4 24.Re3 Rhg4 25.Rff3 c5 26.e6 fxe6 27.fxe6 Bxa4 28.Re5 cxd4 29.cxd4 Bd1
30.Rfe3 Qf8 31.Rxd5 Qf4  0-1

[Event "4NCL"]
[Site "West Bromwich ENG"]
[Date "2004.10.19"]
[Round "2"]
[White "Eames,R"]
[Black "Collinson,A"]
[Result "1/2-1/2"]
[WhiteElo "2309"]
[BlackElo "2385"]

1.e4 d6 2.d4 Nf6 3.Nc3 e5 4.Nf3 exd4 5.Qxd4 Be7 6.Bf4 O-O 7.O-O-O Nc6 8.Qd2 a6
9.h3 b5 10.Qe3 Qe8 11.g4 Nd7 12.Nd5 Bd8 13.Bg2 Nce5 14.Nd4 Nf6 15.Rhe1 c6
16.Nxf6+ Bxf6 17.b3 h6 18.g5 hxg5 19.Bxg5 Bxg5 20.Qxg5 f6 21.Qe3 Bd7 22.f4 Nf7
23.Qg3 Qe7 24.Bf3 Nh6 25.Bh5 a5 26.Rg1 Ra7 27.f5 c5 28.Ne2 Bc6 29.Nc3 b4
30.Nd5 Bxd5 31.Rxd5 Qxe4 32.Qf3 Qxf3 33.Bxf3 Re8 34.Bh5 Nf7 35.Bxf7+ Kxf7
36.Rxd6 Re5 37.Rf1 Ke7 38.Rd2 Rd7 39.Rxd7+ Kxd7 40.Rg1 Rxf5 41.Rxg7+ Kc6  1/2-1/2

[Event "36th Olympiad w"]
[Site "Calvia ESP"]
[Date "2004.10.20"]
[Round "6"]
[White "Lahno,Kateri"]
[Black "Collas,S"]
[Result "1/2-1/2"]
[WhiteElo "2435"]
[BlackElo "2349"]

1.e4 d6 2.d4 Nf6 3.Nc3 e5 4.Nf3 Nbd7 5.Bc4 Be7 6.O-O O-O 7.Re1 c6 8.a4 b6
9.d5 cxd5 10.Nxd5 Nxd5 11.Bxd5 Rb8 12.Qd3 Nc5 13.Qe3 Be6 14.Rd1 Bxd5 15.Rxd5 Qc7
16.b3 Nd7 17.c4 Nf6 18.Rd3 a6 19.Ba3 b5 20.cxb5 axb5 21.Rc1 Qb7 22.Bxd6 Bxd6
23.Rxd6 bxa4 24.bxa4 Qxe4 25.Qxe4 Nxe4 26.Rdc6 f6 27.a5 Rb5 28.a6 Ra5 29.g3 h6
30.h4 h5 31.R1c4 f5 32.Ng5 Nxg5 33.hxg5 Kh7 34.Re6 Ra8 35.Rcc6 f4 36.Kg2 fxg3
37.Kxg3 Ra1 38.Rxe5 R8xa6 39.Rxa6  1/2-1/2

[Event "36th Olympiad"]
[Site "Calvia ESP"]
[Date "2004.10.20"]
[Round "6"]
[White "Kawuma,S"]
[Black "Williams,Lei"]
[Result "0-1"]
[WhiteElo "2141"]
[BlackElo "2355"]

1.e4 d6 2.d4 Nf6 3.Nc3 Nbd7 4.Bc4 e5 5.a4 Be7 6.Nf3 O-O 7.O-O c6 8.Re1 Qc7
9.b3 h6 10.Bb2 Nh7 11.Ne2 Bf6 12.Ng3 g6 13.Qd2 Ng5 14.Nxg5 Bxg5 15.Qd1 Re8
16.Bc1 Qd8 17.Qf3 Qf6 18.Qxf6 Bxf6 19.Bxh6 exd4 20.Rad1 Ne5 21.Be2 c5 22.Bd2 Bd7
23.Rc1 a6 24.f4 Nc6 25.Bd3 Kg7 26.Ne2 Rab8 27.c3 Bg4 28.h3 Bxe2 29.Rxe2 Na5
30.Bc4 b5 31.axb5 axb5 32.Bd5 d3 33.Ree1 c4 34.bxc4 bxc4 35.Rcd1 Rb2 36.g4 Rxd2
37.Rxd2 Bxc3 38.Red1 Bxd2 39.Rxd2 Rc8 40.Bxc4 Rxc4 41.Rxd3 Rxe4 42.Rxd6 Rxf4
43.Kg2 Nc4 44.Rd7 Ne5 45.Ra7 g5 46.Kg3 Rf3+ 47.Kg2 Rb3 48.Ra5 f6 49.Ra7+ Kg6
50.Ra8 Nd3 51.h4 Nf4+ 52.Kf2 gxh4 53.Rg8+ Kf7 54.Rh8 h3 55.Rh4 Nd3+ 56.Kg3 Ne5+
57.Kf2 h2 58.Kg2 Rb2+ 59.Kg3 Nxg4 60.Rh7+ Kg6 61.Rh4 f5 62.Rh8 Nh6  0-1

[Event "36th Olympiad"]
[Site "Calvia ESP"]
[Date "2004.10.20"]
[Round "6"]
[White "Fontaine,R"]
[Black "Cifuentes Parada,R"]
[Result "1/2-1/2"]
[WhiteElo "2531"]
[BlackElo "2540"]

1.e4 d6 2.d4 Nf6 3.Nc3 e5 4.Nf3 Nbd7 5.Bc4 Be7 6.O-O O-O 7.Re1 c6 8.a4 b6
9.h3 a6 10.d5 c5 11.Rb1 Ne8 12.Bd3 g6 13.Bh6 Ng7 14.Nd2 f5 15.Nc4 Rb8 16.b4 Qc7
17.b5 a5 18.f4 Bf6 19.Qd2 exf4 20.Bxf4 Ne5 21.Bxe5 Bxe5 22.Nxe5 dxe5 23.d6 Qf7
24.Nd5 Kh8 25.Bc4 Be6 26.exf5 Nxf5 27.Rxe5 Bxd5 28.Bxd5 Qg7 29.Rbe1 Rbd8
30.Re7 Qf6 31.c4 Nxd6 32.Qh6 Nf7 33.Bxf7 Rxf7 34.Re8+ Rf8 35.R8e7 Rf7 36.Re8+ Rf8
37.R8e7 Rf7  1/2-1/2

[Event "36th Olympiad"]
[Site "Calvia ESP"]
[Date "2004.10.20"]
[Round "6"]
[White "Castellanos,R"]
[Black "Zagorskis,D"]
[Result "1/2-1/2"]
[WhiteElo "2449"]
[BlackElo "2486"]

1.e4 d6 2.d4 Nf6 3.Nc3 e5 4.Nf3 Nbd7 5.Bc4 Be7 6.O-O c6 7.a4 Qa5 8.Ba2 O-O
9.h3 Re8 10.Ng5 Rf8 11.Re1 exd4 12.Qxd4 Ne5 13.Qe3 h6 14.Nf3 Nxf3+ 15.Qxf3 Be6
16.Bd2 Qh5 17.Qxh5 Nxh5 18.Rad1 Bxa2 19.Nxa2 Nf6 20.Bb4 Rfe8 21.Nc3  1/2-1/2

[Event "36th Olympiad w"]
[Site "Calvia ESP"]
[Date "2004.10.20"]
[Round "6"]
[White "Franco,A"]
[Black "Bashkite,V"]
[Result "0-1"]
[WhiteElo "2046"]
[BlackElo "2206"]

1.e4 d6 2.d4 Nf6 3.Nc3 c6 4.Nf3 Bg4 5.h3 Bh5 6.Qe2 e6 7.g4 Bg6 8.Bg2 d5 9.exd5 Nxd5
10.Nxd5 cxd5 11.Ne5 Nc6 12.c3 Nxe5 13.dxe5 Rc8 14.Be3 Bc5 15.Rd1 Qb6 16.Bg5 h6
17.Bh4 Be7 18.Bg3 Rc4 19.Qd2 h5 20.g5 h4 21.Bf4 Bh5 22.Rc1 O-O 23.O-O Rfc8
24.Rfe1 Qd8 25.Be3 Qc7 26.Bd4 Qd8 27.Be3 Qa5 28.b4 Qa3 29.Bd4 Bxb4 30.Re3 Rxd4
31.cxd4 Rxc1+  0-1

[Event "36th Olympiad w"]
[Site "Calvia ESP"]
[Date "2004.10.22"]
[Round "7"]
[White "Le Thi Phuong Lien"]
[Black "Rautanen,S"]
[Result "1-0"]
[WhiteElo "2249"]
[BlackElo "1974"]

1.e4 d6 2.d4 Nf6 3.Nc3 e5 4.dxe5 dxe5 5.Qxd8+ Kxd8 6.Bg5 Bd6 7.O-O-O Nd7
8.Bc4 Ke8 9.Nf3 a6 10.a3 h6 11.Bh4 b5 12.Bd5 Nxd5 13.Nxd5 Nc5 14.Rhe1 Be6
15.Bg3 Nd7 16.Nh4 Kd8 17.Nf5 Bxf5 18.exf5 Re8 19.Re2 Kc8 20.Red2 Rd8 21.f6 Nxf6
22.Bxe5 Kb7 23.Nxf6 gxf6 24.Bxd6 Rxd6 25.Rxd6 cxd6 26.Rxd6 Rg8 27.g3  1-0